| 000 | 00845nam a2200289 i 4500 | ||
|---|---|---|---|
| 001 | 78950 | ||
| 003 | ES-MaACL | ||
| 005 | 20240224063105.0 | ||
| 007 | t| | ||
| 008 | 041018s1987 sp |||| |dspa d | ||
| 020 | _a84-01-33345-8 | ||
| 080 | _a929(460):32(049.3) | ||
| 080 | _a329(460) | ||
| 100 | 1 |
_aHeredero, Milagros _9235242 |
|
| 245 | 1 | 3 |
_aLa izquierda violada / _cMilagros Heredero. |
| 250 | _a1ª ed. | ||
| 260 |
_aEsplugues de Llobregat (Barcelona) : _bPlaza & Janés, _c1987. |
||
| 300 |
_a279 p. ; _c22 cm. |
||
| 490 | 1 | _aÉpoca | |
| 500 | _aÍndice. | ||
| 610 | 0 | 4 |
_aIzquierda Unida (España) _95325 |
| 610 | 2 | 4 |
_aPartido Socialista Obrero Español. _96155 |
| 650 | 0 | 4 |
_aPolíticos- _zEspaña- _vEntrevistas. _916314 |
| 830 | 0 |
_aÉpoca _9183351 |
|
| 852 |
_aES-MaACL _jG-12068 |
||
| 999 |
_c78950 _d78950 |
||